000 00613cam a2200241 4500
008 090401t1994 xxu||||| |||| 00| 0 eng d
020 _a0406624100
035 _a(Sirsi) u5151
041 _aeng
050 _a336.22
100 _aMellows, Anthony R
245 _aMellows: taxation of land transactions.
250 _a4th ed.
260 _aLondon
_bButterworths
_c1994
300 _axxxvii,400p. ; 25cm.
350 _a49.95
520 _aThis edition by Jeffrey W. Price.
650 _aLAND TRANSACTIONS
690 _aTAXATION
700 _aPrice, Jeffrey W.
942 _n0
948 _c04/03/1997
999 _c86127
_d86127